| 000 | 00461nam a2200181Ia 4500 | ||
|---|---|---|---|
| 001 | 3298 | ||
| 005 | 20260306145633.0 | ||
| 008 | 260306t1998||||xx |||||||||||||| ||spa|| | ||
| 041 | _aESP | ||
| 082 |
_a268 _bJ81E T. 3 1998 |
||
| 100 |
_aJuan Pablo II, Papa _eAUT |
||
| 245 | 0 |
_aCatequesis sobre el credo: _bel Espíritu Santo vivificador |
|
| 260 | _c1998 | ||
| 300 |
_a479 páginas : _c20 cm. |
||
| 650 | _aGEN | ||
| 654 | _aCHU | ||
| 942 |
_cLIB _dJUS _fJUS _2ddc _n |
||
| 999 |
_c3298 _d3298 |
||